000 00544nam a2200181 4500
003 OSt
005 20221116172302.0
008 221111b |||||||| |||| 00| 0 eng d
020 _a970 18 8266 0
040 _cBiblioteca Lado V
082 _a708
_bT266d
100 _aTejo, Cristiana
_ecurador
245 _aDaniel Santiago | de que e eu tenho medo?/
260 _c2012
_aBrasil
_bMuseu de Arte Moderna Aloisio Magalhaes
300 _a59p.
_c19x23cm
700 _aSalas, Carlos
_eautor
942 _2ddc
_c1
_h708
_iT266d
_n0
999 _c2671
_d2671